000 00671nam a2200217 i 4500
001 23484
003 ES-MaACL
005 20240514122608.0
007 t|
008 021210s1982 sp ||||1| spa d
100 1 _aAller, César.
_920024
245 1 0 _aCuaderno de otoño /
_cCésar Aller.
260 _aLeón :
_bInstitución "Fray Bernardino de Sahagún",
_c1982.
300 _a61 p. ;
_c20 cm.
490 1 _aProvincia : colección de poesía ;
_v58
710 2 _aInstitución "Fray Bernardino de Sahagún"
_94722
830 0 0 _aProvincia (León) ;
_v58
_9236377
852 _aES-MaACL
_jL-2047
_bR.102986
942 _2udc
999 _c23484
_d23484